000 01339cam a22003737a 4500
003 CHAP
005 20220817042126.0
008 971013s1985 r 00010 d
010 _a35463
011 _a36435
035 _a40554
040 _cCHAP
090 _aFolleto 10116
100 0 0 _aPajares, Juan.
_984779
245 1 3 _aLa grafiosis de los olmos
260 _aMadrid :
_bMinisterio de Agricultura, Pesca y Alimentación,
_c1985
300 _a24 p.
_b: ilus.
490 0 _aMinisterio de Agricultura, Pesca y Alimentación. Hojas divulgadoras
_v; 19/85
590 _aBATCH-UPD
_b10
_c20130110
_lUCH01
_h0028
590 _aBATCH-UPD
_b10
_c20130110
_lUCH01
_h2149
590 _aBATCH-UPD
_b10
_c20130409
_lUCH01
_h2009
590 _aBATCH-UPD
_b10
_c20130410
_lUCH01
_h1457
590 _aBATCH-UPD
_b10
_c20130914
_lUCH01
_h1319
590 _aCONVERSION
_b10
_c20130109
_lUCH01
_h1320
650 1 4 _aGraphium ulmi.
_950437
650 1 4 _aOlmo
_xEnfermedades.
_983179
700 0 _aGil, Luis.
_947962
710 0 _aEspaña. Ministerio de Agricultura, Pesca y Alimentación.
_937712
830 0 _aMinisterio de Agricultura, Pesca y Alimentación. Hojas divulgadoras
_v; 19/85
901 _aBK
942 _cFOLL
949 _aFolleto 10116
_bBC
_cFOLL
_d-92631
_eTS1
_i40554
_si
949 _aFolleto 10116
_bBC
_cFOLL
_d-92632
_eTS2
_fc.2
_i40554
_si
999 _c35463
_d35463